Top 20 Countries at the Olympic Games (Judo) - Statistics

General Stats
  • This quiz has been taken 185 times
  • The average score is 12 of 20
Answer Stats
Hint Athletics Gold Medals % Correct
1 Japan 39
96%
2 France 14
94%
6 Russia 5
88%
11 Germany 3
84%
4 China 8
78%
3 South Korea 11
78%
7 Italy 4
73%
13 Spain 3
71%
8 Brazil 4
63%
12 Georgia 3
59%
10 Poland 3
57%
20 Mongolia 1
53%
9 Netherlands 4
48%
15 North Korea 2
46%
17 Belgium 2
40%
5 Cuba 6
39%
19 Hungary 1
36%
16 Austria 2
35%
18 Slovenia 2
19%
14 United States 2
18%
No matching quizzes found
Score Distribution
Percent of People with Each Score
Percentile by Number Answered
Your Score History
You have not taken this quiz